| 000 | 00602nam a22001817a 4500 | ||
|---|---|---|---|
| 008 | 230510b |||||||| |||| 00| 0 eng d | ||
| 020 | _a0-444-41059-7 | ||
| 040 |
_aNational Science Library _cNational Science Library |
||
| 080 |
_a543.544:628.5 _bL3 |
||
| 100 |
_aFishbein, Lawrence _98484 |
||
| 245 | _aChromatography of environmental hazards | ||
| 260 |
_aAmsterdam: _bElsevier Scientific Publishing company, _c1973 |
||
| 300 | _axii, 637p. | ||
| 500 | _aVol. 2 (Metals, gaseous and industrial pollutants); xii, 637p. | ||
| 650 | _aScience | ||
| 653 | _aChromatography | ||
| 942 |
_2udc _cBK |
||
| 999 |
_c28168 _d28168 |
||